Estudio biológico del Penicillium Notatum (Record no. 148663)

MARC details
000 -LEADER
campo de control de longitud fija 00528nam a2200157 4500
001 - NÚMERO DE CONTROL
campo de control 148663
003 - IDENTIFICADOR DE NÚMERO DE CONTROL
campo de control ES-MaACL
005 - FECHA Y HORA DE LA ÚLTIMA TRANSACCIÓN
campo de control 20230906202743.0
007 - CAMPO FIJO DE DESCRIPCIÓN FÍSICA--INFORMACIÓN GENERAL
campo de control de longitud fija t|
008 - DATOS DE LONGITUD FIJA--INFORMACIÓN GENERAL
campo de control de longitud fija 070214s1946 ag r ||||1| spa d
100 1# - ENTRADA PRINCIPAL--NOMBRE DE PERSONA
Nombre de persona Stura, Carlos Alberto.
9 (RLIN) 108507
245 10 - MENCIÓN DEL TÍTULO
Título Estudio biológico del Penicillium Notatum
Resto del título : penicilina notatina y crisogenina /
Mención de responsabilidad, etc. por Carlos Alberto Stura.
260 ## - PUBLICACIÓN, DISTRIBUCIÓN, ETC.
Lugar de publicación, distribución, etc. Buenos Aires :
Nombre del editor, distribuidor, etc. Ed. Hispano-Americana,
Fecha de publicación, distribución, etc. [1946] (
Fabricante Yunke)
300 ## - DESCRIPCIÓN FÍSICA
Extensión 402 p. :
Otras características físicas il. ;
Dimensiones 22 cm.
852 ## - LOCALIZACIÓN
Ubicación ES-MaACL
Número de control de estantería C-4106
Sublocalización o colección R.23715
Holdings
Estatus retirado Estado de pérdida Estado de daño No para préstamo Biblioteca de origen Biblioteca actual Ubicación en estantería Fecha de adquisición Fuente de adquisición Total de préstamos Signatura topográfica completa Código de barras Visto por última vez Precio de reemplazo Tipo de ítem Koha
        Biblioteca del Ateneo de Madrid Biblioteca del Ateneo de Madrid Sala Palomar 17/01/2008     C-4106 1155142 23/02/2023 23/02/2023 Libro impreso